[Event "Rodovremesterskabet Gruppe C 2005"]
[Site "Rodovre"]
[Date "2005.10.11"]
[Round "6"]
[White "Rugaard, Michael R"]
[Black "Pedersen, Claus"]
[Result "0-1"]
[WhiteElo "1300"]
[BlackElo "1318"]
[PlyCount "86"]
[EventDate "2005.??.??"]
[SourceDate "2005.09.07"]

1. d4 d5 2. c4 e6 3. Nc3 Nf6 4. Bg5 Be7 5. e3 c6 6. Bd3 Nbd7 7. f3 h6 8. Bh4
Nh7 9. Bf2 Nb6 10. c5 Nd7 11. Qc2 Nhf6 12. Nge2 O-O 13. g4 Ne8 14. h4 g5 15.
hxg5 Bxg5 16. f4 Bf6 17. Rxh6 Bg7 18. Rh3 f5 19. g5 Kf7 20. O-O-O Rh8 21. Bh4
Qa5 22. Bxf5 exf5 23. Qxf5+ Kg8 24. g6 Ndf6 25. Qe5 Bxh3 26. f5 Bxf5 27. Bxf6
Nxf6 28. Qxf5 Re8 29. Nf4 Qc7 30. e4 Qd7 31. Qxd7 Nxd7 32. exd5 Bh6 33. Rf1 Rf8
34. Nce2 Bxf4+ 35. Nxf4 Rh4 36. dxc6 bxc6 37. Re1 Rhxf4 38. d5 Rc4+ 39. Kd2
Rxc5 40. dxc6 Rxc6 41. Re7 Rd8 42. g7 Rg6 43. Kc3 Rxg7 0-1

[Event "Rodovremesterskabet Gruppe C 2005"]
[Site "Rodovre"]
[Date "2005.10.25"]
[Round "7"]
[White "Gemzoe, Bjorn"]
[Black "Rugaard, Michael R"]
[Result "0-1"]
[WhiteElo "1344"]
[BlackElo "1300"]
[PlyCount "38"]
[EventDate "2005.??.??"]
[SourceDate "2005.09.07"]

1. e4 c5 2. d4 cxd4 3. Qxd4 Nc6 4. Qe3 e6 5. Nc3 Bb4 6. Bd2 Nf6 7. f4 d6 8.
O-O-O Bc5 9. Qg3 Bd4 10. Nb5 O-O 11. Nxd4 Nxd4 12. Bd3 Qe7 13. Qg5 e5 14. f5
Bd7 15. c3 Rfc8 16. Kb1 Bb5 17. Bc1 Qc7 18. cxd4 Bxd3+ 19. Rxd3 Qc2+ 0-1

[Event "Rodovremesterskabet Gruppe C 2005"]
[Site "Rodovre"]
[Date "2005.10.25"]
[Round "7"]
[White "Lindberg, Ole"]
[Black "Nielsen, Borge2"]
[Result "1-0"]
[WhiteElo "1178"]
[BlackElo "1355"]
[PlyCount "43"]
[EventDate "2005.??.??"]
[SourceDate "2005.09.07"]

1. e4 e5 2. Nf3 Nc6 3. Bc4 Nf6 4. d3 Be7 5. c3 O-O 6. b4 a6 7. a4 b6 8. Qb3 h6
9. Nh4 Nxe4 10. Ng6 Nd6 11. Nxf8 Nxc4 12. Qxc4 Kxf8 13. Qe4 Bf6 14. Ba3 b5 15.
Bc1 d5 16. Qf3 Be6 17. axb5 axb5 18. Rxa8 Qxa8 19. Bxh6 e4 20. Qxf6 Qa2 21.
Qxg7+ Ke8 22. O-O 1-0

[Event "Rodovremesterskabet Gruppe C 2005"]
[Site "Rodovre"]
[Date "2005.10.25"]
[Round "7"]
[White "Vestergaard, John"]
[Black "Hviid, Jens Carl"]
[Result "0-1"]
[WhiteElo "1291"]
[BlackElo "1409"]
[PlyCount "55"]
[EventDate "2005.??.??"]
[SourceDate "2005.09.07"]

1. d4 Nf6 2. c4 g6 3. Nc3 Bg7 4. Bg5 O-O 5. e3 c6 6. b4 Re8 7. Nf3 d5 8. cxd5
Nxd5 9. Nxd5 Qxd5 10. h3 a5 11. a3 axb4 12. axb4 Rxa1 13. Qxa1 Qb3 14. Bf4
Qxb4+ 15. Nd2 Nd7 16. Qb1 Qa5 17. Bd3 e5 18. dxe5 Nxe5 19. Bxe5 Bxe5 20. Ke2
Bd4 21. Ne4 Qh5+ 22. g4 Bxg4+ 23. f3 Bxf3+ 24. Kf2 Bxh1 25. exd4 Qh4+ 26. Ke3
Qxh3+ 27. Kd2 Bxe4 28. Bxe4 0-1

[Event "Rodovremesterskabet Gruppe C 2005"]
[Site "Rodovre"]
[Date "2005.10.25"]
[Round "7"]
[White "Pedersen, Claus"]
[Black "Opstrup, Niels"]
[Result "1/2-1/2"]
[WhiteElo "1318"]
[BlackElo "1096"]
[PlyCount "82"]
[EventDate "2005.??.??"]
[SourceDate "2005.09.07"]

1. e4 d5 2. exd5 Nf6 3. d4 Nxd5 4. Nf3 g6 5. c3 Bg7 6. Bc4 O-O 7. O-O c6 8. Bg5
Qc7 9. Re1 e6 10. Qd2 f6 11. Bh4 Qf7 12. Bg3 Nd7 13. Qe2 N7b6 14. Bb3 a5 15. a3
Bd7 16. c4 Ne7 17. c5 Nbd5 18. Nbd2 Nf5 19. Ne4 Nxg3 20. Nxg3 Rfe8 21. Ne4 Bf8
22. Qd1 Kg7 23. Nfd2 e5 24. Nc4 exd4 25. Ned6 Bxd6 26. Nxd6 Rxe1+ 27. Qxe1 Qf8
28. Qd2 b6 29. Qxd4 bxc5 30. Qxc5 Nf4 31. Bc4 Qb8 32. b3 Qc7 33. Re1 Qa7 34.
Qxa7 Rxa7 35. Re4 Nd5 36. Rd4 Rc7 37. h3 Kh8 38. Nf7+ Kg7 39. Nd6 Kh8 40. Nf7+
Kg7 41. Nd6 Kh8 1/2-1/2